000
00297 a2200145 4500
001
156064
040
_c
Escola São Tomás de Aquino
100
_a
BANDEIRA, Manuel
240
1
0
_a
Pra brincar
_l
por
245
1
0
_a
Pra brincar
300
_a
29
362
0
_a
2016
697
_a
Poesia
942
_c
BK
999
_c
156064
_d
156064